| 000 | 01283nam0a22002771 4500 | ||
|---|---|---|---|
| 001 | v19\rc\2035039 | ||
| 005 | 20251118181545.2 | ||
| 035 | _a(NLR Aleph) 005113491 | ||
| 090 |
_a7518409 _c7518409 |
||
| 100 | _a20080925d1917 u y0rusy50 ca | ||
| 101 | 0 | _arus | |
| 102 | _aRU | ||
| 105 | _ay z ||||| | ||
| 200 | 1 |
_aОсновные понятия по анатомии и физиологии сельскохозяйственных животных _eКонспект-прогр. к лекциям, чит. на курсах свиноводства, орг. Экон. отд. в имении Бобрики В.З.С. _fС.С. Еленевский _gГл. ком. Всерос. зем. союза. Экон. отд. |
|
| 210 |
_aМосква _cт-во скоропеч. А.А. Левенсон _d1917 |
||
| 215 |
_a16 с. _d26 |
||
| 532 | 1 | 3 | _aОсновные понятия по анатомии и физиологии сельскохозяйственных животных |
| 700 | 1 |
_aЕленевский _bС.С. _f1881- _gСергей Семенович |
|
| 801 | 0 |
_aRU _bNLR _gpsbo |
|
| 801 | 0 |
_aRU _bRuMoRGB _2psbo |
|
| 801 | 1 |
_aRU _bProSoft-M _2rusmarc |
|
| 852 |
_aNLR _j34.102.1.19(403) |
||
| 899 |
_aRuMoRGB _jV 107/108 |
||
| 942 | _cBOOK | ||
| 980 | _aNB | ||